000
00247nam a22001097a 4500
082
_a
621.381 DIR'S
100
_a
SUTTON, G. W
_9
79724
245
_a
DIRECT ENERGY CONVERSION
260
_a
NEWYOKR
_b
MCGRAW HILL
_c
1966
300
_a
342P
942
_c
BK
999
_c
584726
_d
584726